Finančná kontrola a vnútorný audit v zmysle novej právnej úpravy v zákone o finančnej kontrole a vnútornom audite

Od 1. januára 2002 je účinný zákon č. 502/2001 Z.z., ktorý upravuje základné pravidlá, ciele a spôsob vykonávania finančnej kontroly a vnútorného auditu. Vymedzenie základných pojmov. Delenie finančnej kontroly. Základné pravidlá následnej finančnej kontroly. Postavenie vnútorného audítora. Postup p...

Ausführliche Beschreibung

Gespeichert in:
Bibliographische Detailangaben
1. Verfasser: Balko, Ladislav
Format: Buchkapitel
Sprache:Slowakisch
Schlagworte:
Tags: Tag hinzufügen
Keine Tags, Fügen Sie das erste Tag hinzu!

MARC

LEADER 00000naa a2200000 4500
001 r044599
005 20230927065951.2
041 0 |a slo 
044 |a SK 
245 1 0 |a Finančná kontrola a vnútorný audit v zmysle novej právnej úpravy v zákone o finančnej kontrole a vnútornom audite  |c Ladislav Balko 
520 |a Od 1. januára 2002 je účinný zákon č. 502/2001 Z.z., ktorý upravuje základné pravidlá, ciele a spôsob vykonávania finančnej kontroly a vnútorného auditu. Vymedzenie základných pojmov. Delenie finančnej kontroly. Základné pravidlá následnej finančnej kontroly. Postavenie vnútorného audítora. Postup pri vykonávaní vnútorného auditu. 
610 2 0 |a kontrola finančná 
610 2 0 |a audit 
610 2 0 |a audit interný 
610 2 0 |a audítori 
610 2 0 |a úpravy právne 
610 2 0 |a zákony 
610 2 0 |a pojmy 
610 2 0 |a január 
610 2 0 |a 2002 
100 1 |a Balko, Ladislav